00680 a2200205 4500010001400000020002300014035001300037037001800050082001000068090001500078100002200093245007700115260003700192300002700229500002200256650002600278942002500304999001500329952013000344 aENG-85301 a8189547259c700.00 aEN-68834 bD.B.Act / Pub14a658.3 c1921d19211 aKishore, Minakshi1 aStrategic human resource managementcby Minakshi Kishorebtext and cases aDelhibWisdom Publicationsc2007 a251 p. :c24 cm. (Hb.) aincludes glossary 0aPersonnel management. adplcENk658.3 / KIS c1889d1889 00102ddc40718NFICaDBADbDBADeDBAD/PUBg700.00l0o658.3pEN-68834r2008-09-15 00:00:00t1u2000v700.00w2008-09-15yEN